00797 a2200217 4500001000700000020001800007040003200025090001100057245003300068260001600101300002500117362000900142490001900151520024100170650002400411650001200435650001100447942000700458952009500465999001900560127714 a9788573403718 cEscola Canadense de Niteroi aDES-R210aO ratinho que adorava livros aSão Paulo bil.c0 x 20 x 0.1 cm0 a20040 aConte um conto aO ratinho Ponto de Interrogação adora ler os livros da livraria onde mora. Os seus amiguinhos, ao contrário, vivem roendo todas as páginas que encontram. Mas eles acabam descobrindo que ler pode ser mais útil do que imaginam! 4aLiteratura Infantil 4aLeitura 4aLivros cBK 00104070a80.1b80.1d2024-02-09l0oDES-R2pA05255r2024-02-09 21:24:48w2024-02-09yBK c127714d127714